00321nam a2200133Ia 4500008004100000082001300041100001800054245002500072250000900097260003000106300001200136500002400148650001500172230524s9999 xx 000 0 und d a612bPOR aStuart Porter 0aTidy's Physiotherapy a13TH aNEW DELHIbElsevierc2004 aVI;.521 aQuantity Number: 1 aBiomedical